Curriculum design and lesson planning / (Record no. 2585)

MARC details
000 -LEADER
fixed length control field 00608nam a22001937a 4500
005 - DATE AND TIME OF LATEST TRANSACTION
control field 20260413092945.0
008 - FIXED-LENGTH DATA ELEMENTS--GENERAL INFORMATION
fixed length control field 260413b |||||||| |||| 00| 0 eng d
020 ## - INTERNATIONAL STANDARD BOOK NUMBER
International Standard Book Number 978-1-98467-952-9
082 ## - DEWEY DECIMAL CLASSIFICATION NUMBER
Classification number 375.001 T531 2023
110 ## - MAIN ENTRY--CORPORATE NAME
Corporate name or jurisdiction name as entry element 3G E-Learning
Relator term author
9 (RLIN) 387
245 ## - TITLE STATEMENT
Title Curriculum design and lesson planning /
Statement of responsibility, etc. 3G E-Learning
250 ## - EDITION STATEMENT
Edition statement 3rd ed.
260 ## - PUBLICATION, DISTRIBUTION, ETC.
Place of publication, distribution, etc. New York:
Name of publisher, distributor, etc. 3G E-Learning,
Date of publication, distribution, etc. c2023
300 ## - PHYSICAL DESCRIPTION
Extent xii, 430p.:
Other physical details ill. (some col.)
504 ## - BIBLIOGRAPHY, ETC. NOTE
Bibliography, etc. note Includes bibliographical references and index
541 ## - IMMEDIATE SOURCE OF ACQUISITION NOTE
Accession number 7991 c.1.
650 ## - SUBJECT ADDED ENTRY--TOPICAL TERM
Topical term or geographic name entry element Curriculum planning
9 (RLIN) 459
650 ## - SUBJECT ADDED ENTRY--TOPICAL TERM
Topical term or geographic name entry element Education - Curricula
9 (RLIN) 460
Holdings
Withdrawn status Lost status Source of classification or shelving scheme Damaged status Not for loan Home library Current library Date acquired Total Checkouts Full call number Barcode Date last seen Copy number Price effective from Koha item type
    Dewey Decimal Classification     ctu-moalboal ctu-moalboal 06/20/2024   375.001 T531 2023 7991 04/13/2026 1 04/13/2026 Books-Reference